01195nam a2200289Ia 4500008004100000020001800041050002100059100003400080240004600114245006800160250001800228260005300246300003300299336001000332337001400342338001200356500004000368500004000408650003200448650006300480700004400543942000700587952010300594952009500697952009600792999001700888120626s19672015mx 000 0 spa d a9786071628213 aRC438 bF67 2015 aDavey, Brooke T.eautor96068 aHistoire de la folie á láge classique aHistoria de la locura en la época clásicacMichael Foucault a3a. edición aMéxicob: Fondo de Cultura Económicac; 2015 a273 páginasbilustraciones atexto asin medio avolumen aMaterial complementario (03 008548) aMaterial complementario (03 008549) aPSIQUIATRIAxHISTORIA96070 aENFERMOS MENTALESxCUIDADO Y TRATAMIENTO--HISTORIA 96071 aUtrilla, Juan José etraductor910667 cLB 00104070a11b11d2007-01-08l1oRC438 F67p11 002359r2014-04-08s2014-04-08t1w2012-06-26yLB 00104070a03b03d2015-11-13l0oRC438 F67p03 008548r2015-11-13t1 t.1w2015-11-13yLB 00104070a03b03d2015-11-13l0oRC438 F67 p03 008549r2015-11-13t1 t.2w2015-11-13yLB c69229d69229